| 000 | 01142nam a22003017a 4500 | ||
|---|---|---|---|
| 003 | CHAP | ||
| 005 | 20220329143903.0 | ||
| 008 | 120604s1991 mx r 10010 spa d | ||
| 010 | _a103275 | ||
| 011 | _a104247 | ||
| 035 | _a114937 | ||
| 040 | _cCHAP | ||
| 082 | 0 | 0 |
_a581.634 _bC760 1991 |
| 111 | 2 |
_aCongreso Internacional de Medicina Tradicional y Folklórica ( _n5 : _d[1991] : _cCiudad de México) _926782 |
|
| 245 | 1 | 0 |
_aV congreso internacional de medicina tradicional y folklorica : _bResúmenes de trabajos científicos originales _c/por Antiguo Colegio de San Ildefonso |
| 260 |
_aMéxico : _bAntiguo Colegio de San Ildefonso, _c[1991?] |
||
| 300 | _a160 p. | ||
| 590 |
_aBATCH-UPD _b10 _c20130110 _lUCH01 _h0905 |
||
| 590 |
_aBATCH-UPD _b10 _c20130410 _lUCH01 _h0532 |
||
| 590 |
_aBATCH-UPD _b10 _c20130914 _lUCH01 _h0744 |
||
| 590 |
_aCONVERSION _b10 _c20130109 _lUCH01 _h1357 |
||
| 650 | 1 | 4 |
_aBotánica médica. _914680 |
| 650 | 1 | 4 |
_aIndios de México _xMedicina. _957633 |
| 650 | 1 | 4 |
_aMedicina y religión. _973923 |
| 901 | _aBK | ||
| 942 | _cLIBRO | ||
| 949 |
_a581.634 C760 1991 _bBC _cLIBRO _d33724002117686 _eLIBRO _h116756 _i114937 _sb |
||
| 999 |
_c103275 _d103275 |
||